| 000 | 00384nam a2200169Ia 4500 | ||
|---|---|---|---|
| 003 | OSt | ||
| 005 | 20240127142338.0 | ||
| 008 | 170619s9999 xx 000 0 und d | ||
| 020 | _a9780230630154 | ||
| 040 | _cIIMT ENGINEERING COLLEGE | ||
| 100 | _aKothari- R | ||
| 245 | 0 | _aManagement Accounting | |
| 260 | _bmacmillan | ||
| 260 | _c2008 | ||
| 546 | _aENGLISH | ||
| 942 |
_2ddc _c01 |
||
| 999 |
_c22770 _d22770 |
||